000 nam a22 7a 4500
999 _c10311
_d10311
008 180213b ||||| |||| 00| 0 eng d
100 _aGhose, S
_96273
245 _aZettabyte Computer - I
260 _aNew Delhi
_bFalmingo Publication
_c2013